| 000 | 00954nam a22002057a 4500 | ||
|---|---|---|---|
| 999 |
_c58935 _d58935 |
||
| 003 | Ge_BSU | ||
| 005 | 20221021114032.0 | ||
| 008 | 221021s1991 ge ||||| |||| 00| 0 geo d | ||
| 041 | _ageo | ||
| 080 | _a27-312 ი-35 | ||
| 245 |
_aიესო ქრისტეს ცხოვრება / _c[ადაპტირ. ტექსტის შემდგ. და წინასიტყვ. ავტ.: მედეა ღლონტი ; რედ.: ნანა მაჭავარიანი]. |
||
| 264 |
_aთბ. : _bხელოვნება, _c1991. |
||
| 300 |
_a128 გვ. : _bილ. ; _c21 სმ. |
||
| 653 | _aიესო ქრისტე | ||
| 653 | _aრელიგია | ||
| 653 | _aქრისტიანობა | ||
| 700 |
_aღლონტი, მ. _eშემდგენელი _915420 |
||
| 700 |
_aმაჭავარიანი, ნანა _eრედაქტორი _95954 |
||
| 942 |
_2udc _cBK |
||